The trace metal geochemistry of suspended oceanic particulate matter /

Bibliographic Details
Main Author: Sherrell, Robert M.
Corporate Author: Woods Hole Oceanographic Institution
Format: Thesis Book
Language:English
Published: Woods Hole, Mass. : Woods Hole Oceanographic Institution, [1989]
Series:Woods Hole Oceanographic Institution (Series) ; 89-27.
Woods Hole Oceanographic Institution (Series). Doctoral dissertation.
Subjects:

MARC

Tag First Indicator Second Indicator Subfields
LEADER 00000cam a2200000 a 4500
001 in00002010721
005 20151031150537.0
008 900309s1989 mauab bmt 000 0 eng d
035 |a (OCoLC)ocm21194172 
040 |a NSL  |c NSL  |d TXA  |d UtOrBLW 
049 |a TXAM 
090 |a GC1  |b .W582 no.89-27 
100 1 |a Sherrell, Robert M. 
245 1 4 |a The trace metal geochemistry of suspended oceanic particulate matter /  |c by Robert M. Sherrell. 
264 1 |a Woods Hole, Mass. :  |b Woods Hole Oceanographic Institution,  |c [1989] 
300 |a 211 pages :  |b illustrations, maps ;  |c 28 cm. 
336 |a text  |b txt  |2 rdacontent 
337 |a unmediated  |b n  |2 rdamedia 
338 |a volume  |b nc  |2 rdacarrier 
490 1 |a Woods Hole, Mass. Oceanographic Institution ;  |v Reference no. 89-27.  |a Doctoral dissertation 
500 |a "August 1989." 
502 |b Ph. D.  |c Massachusetts Institute of Technology and Woods Hole Oceanographic Institution. 
504 |a Includes bibliographical references. 
650 0 |a Geochemistry. 
710 2 |a Woods Hole Oceanographic Institution. 
830 0 |a Woods Hole Oceanographic Institution (Series) ;  |v 89-27. 
830 0 |a Woods Hole Oceanographic Institution (Series).  |p Doctoral dissertation. 
948 |a cataloged  |b h  |c 2004/12/9  |d c  |e dmitchel  |f 10:44:22 am 
994 |a E0  |b TXA 
999 |a MARS 
999 f f |s b15a5c67-6de8-39f4-b037-8d8c6c65cbe0  |i 4a53a59b-2e52-3e75-b534-4a8f0fa7ed37  |t 0 
952 f f |p ric  |a Texas A&M University  |b Rellis Campus  |c Joint Library Facility  |d Remote Storage  |t 0  |e GC1 .W582 no.89-27  |h Library of Congress classification  |i unmediated -- volume  |m A14831640660 
998 f f |a GC1 .W582 no.89-27  |t 0  |l Remote Storage